ISC Mathematics Book 1 for class XI/ (Record no. 175107)
[ view plain ]
| 000 -LEADER | |
|---|---|
| fixed length control field | 00677nam a22002057a 4500 |
| 005 - DATE AND TIME OF LATEST TRANSACTION | |
| control field | 20200807115720.0 |
| 010 ## - LCCN (DPL NO) | |
| LC control number | ENG-128323 |
| 020 ## - INTERNATIONAL STANDARD BOOK NUMBER | |
| Terms of availability | 750.00 |
| International Standard Book Number | 9789352838400 |
| 035 ## - SYSTEM CONTROL NUMBER | |
| System control number | EN-111855 |
| 037 ## - SOURCE OF ACQUISITION | |
| Source of stock number/acquisition | DBAD/PUB |
| 082 ## - DEWEY DECIMAL CLASSIFICATION NUMBER | |
| Classification number | 510 |
| 100 ## - MAIN ENTRY--PERSONAL NAME | |
| Personal name | Malhotra,O.P |
| 245 ## - TITLE STATEMENT | |
| Title | ISC Mathematics Book 1 for class XI/ |
| Statement of responsibility, etc | by O. P Malhotra ,Gupta S.K [and] Gangal Anubhuti |
| 260 ## - PUBLICATION, DISTRIBUTION, ETC. (IMPRINT) | |
| Place of publication, distribution, etc | New Delhi |
| Name of publisher, distributor, etc | S.Chand |
| Date of publication, distribution, etc | 2019 |
| 270 ## - ADDRESS | |
| Address | Head Office:7361,Ram Nagar,Qutab Rord |
| City | New Delhi |
| Postal code | 110055 |
| Telephone number | 23672080 |
| Fax number | 91-11-23677446 |
| Electronic mail address | info@schandpublishing.com |
| 300 ## - PHYSICAL DESCRIPTION | |
| Extent | various pages. |
| Dimensions | 24cm(pbk) |
| 700 ## - ADDED ENTRY--PERSONAL NAME | |
| Personal name | Gupta,S.K |
| 700 ## - ADDED ENTRY--PERSONAL NAME | |
| Personal name | Gangal,Anubhuti |
| 942 ## - ADDED ENTRY ELEMENTS (KOHA) | |
| Source of classification or shelving scheme | Dewey Decimal Classification |
| Item type | English Books |
| Classification part | 510 |
| Call number suffix | MAL |
| Withdrawn status | Lost status | Not for loan | Collection code | Home library | Current library | Date acquired | Source of acquisition | Cost, normal purchase price | Full call number | Barcode | Copy number | Cost, replacement price | Koha item type |
|---|---|---|---|---|---|---|---|---|---|---|---|---|---|
| Non-fiction | Ashok Vihar | Ashok Vihar | 07/08/2020 | DBAD/PUB | 750.00 | 510 MAL | EN-111855 | 1 | 750.00 | English Books |
